000 00841nam a2200229Ia 4500
003 OSt
005 20220923220252.0
006 a|||||r|||| 00| 0
007 ta
008 220922b |||||||| |||| 00| 0 hin d
024 _a185,596
037 _cTextual
040 _aARTS
_cARTS
_bhin
041 _2hin
_ahin
082 _aY1, 152K2
100 _aयुग, किम्बाल; मैक, रेमंड डब्ल्यू
_9164069
245 0 _aसमाज शास्त्र के सिद्वान्त
_b सिद्वान्त और गवेषणा
246 _aSamāj shāstra ke sidvānta: sidvānta aur gaveṣhaṇā
260 _c1962
942 _hY1, 152K2
_cTEXL
_2CC
999 _c338842
_d338842